000 00862nam a2200253 a 4500
001 000030685
003 DO-SdBNP
005 20240316073904.0
007 ta
008 110525e1977 dr a gr 000 e spa d
040 _aDO-SdBNP
_bspa
_cBNPHU
082 4 _222
_bV443i
100 1 _aVeloz Maggiolo, Marcio,
_d1936-2021
_91104
245 1 0 _aIndigenous art and economy of Santo Domingo =
_bArte indígena y economía en Santo Domingo /
_cMarcio Veloz Maggiolo; traducción, Eduardo Villanueva.
246 1 1 _aArte indígena y economía en Santo Domingo
260 _aSanto Domingo :
_bCohoba,
_c1977
300 _a23 p. :
_bil. ;
_c22 cm.
500 _aObras de divulgación cultural
590 _aInventariado 2023 / MF
650 4 _922881
_aArte e Historia
650 4 _981690
_aArte Indígena
_zRepública Dominicana
910 _aMFeliz
942 _2ddc
_cLBS1
999 _c30177
_d30177